LIBRARY & INFORMATION CENTRE, KCAET, TAVANUR

ONLINE PUBLIC ACCESS CATALOGUE (OPAC)

Critical Studies Vol.XVII / (Record no. 3384)

MARC details
000 -LEADER
fixed length control field 00343cam a2200145ua 4500
041 ## - LANGUAGE CODE
Language code of text/sound track or separate title eng
082 ## - DEWEY DECIMAL CLASSIFICATION NUMBER
Classification number 828.09
Item number MUL/CR
100 ## - MAIN ENTRY--AUTHOR NAME
Personal name Mullik, B.R.
245 ## - TITLE STATEMENT
Title Critical Studies Vol.XVII /
260 ## - PUBLICATION, DISTRIBUTION, ETC. (IMPRINT)
Place of publication :
Name of publisher Chand & Chand ,
Year of publication 1965.
300 ## - PHYSICAL DESCRIPTION
Number of Pages 40 ; .
942 ## - ADDED ENTRY ELEMENTS (KOHA)
Koha item type Books
Holdings
Withdrawn status Lost status Damaged status Home library Current library Date acquired Full call number Accession Number Koha item type
Withdrawn   Damaged KAUAET Sanskrit University 07/04/2012 828.09 10028 Books
free website counter